| 000 | 00510nam a2200169Ia 4500 | ||
|---|---|---|---|
| 999 |
_c18841 _d18841 |
||
| 003 | OSt | ||
| 005 | 20200625150744.0 | ||
| 008 | 190216s9999||||xx |||||||||||||| ||und|| | ||
| 040 | _coclc | ||
| 082 |
_a954.035092 _bMEN/R |
||
| 100 |
_aMenon, K P Kesava _93249 |
||
| 245 | 0 |
_aRashtrapithavu / _cK P Kesava Menon |
|
| 260 |
_bThe Mathrubhumi Printing And Publishers, _c1969. _aKozhikode: |
||
| 300 | _a530p | ||
| 650 | _aHistory | ||
| 942 |
_cBK _2ddc _h954.035092 _iMEN/R _k954.035092 _mMEN/R |
||